| 000 | 00802nam a2200277Ia 4500 | ||
|---|---|---|---|
| 008 | 170203s9999 xx 000 0 und d | ||
| 020 | _a0-439545234 | ||
| 050 | _b.B236 2003 | ||
| 100 | _aAber, Linda. | ||
| 245 | _aBarbie of Swan Lake : | ||
| 245 | _ba junior novelization / | ||
| 245 | _cadapted by Linda Aber ; based on the screenplay by Cliff Ruby & Elana Lesser. | ||
| 260 | _aNew York : | ||
| 260 | _bScholastic, Inc. | ||
| 260 | _c2003 | ||
| 300 | _a60 pages; | ||
| 300 | _bcolor illustrations : | ||
| 300 | _c20 cm. | ||
| 500 | _a Based on Tchaikovsky's ballet. | ||
| 650 | _aBarbie (Fictitious character) -- | ||
| 650 | _aBarbie (Fictitious character) -- | ||
| 650 | _aSwans -- | ||
| 650 | _x Fiction. | ||
| 650 | _xJuvenile fiction. | ||
| 650 | _xJuvenile fiction. | ||
| 999 |
_c306124 _d306124 |
||